Definición económica de clase social contra el economismo y contra el desarrollismo /

Tallennettuna:
Bibliografiset tiedot
Päätekijä: Sotomayor, Margot
Aineistotyyppi: Teksti
Aiheet:
Tagit: Lisää tagi
Ei tageja, Lisää ensimmäinen tagi!

MARC

LEADER 00000 a a2200000 04500
001 41694
003
040
100 |a Sotomayor, Margot  
245 |a Definición económica de clase social contra el economismo y contra el desarrollismo /  |c Margot Sotomayor  
650 |a CLASES SOCIALES  
650 |a LUCHA DE CLASES  
650 |a SOCIOLOGIA  
650 |a BURGUESIA  
773 |g volumen8, número30 ( , 1977), páginas 59-78  
999 |c 29852  |d 29852